Economics & Politics (Record no. 548)
[ view plain ]
| 000 -LEADER | |
|---|---|
| fixed length control field | 00302nam a22001097a 4500 |
| 008 - FIXED-LENGTH DATA ELEMENTS--GENERAL INFORMATION | |
| fixed length control field | 230606b xxu||||| |||| 00| 0 eng d |
| 082 ## - DEWEY DECIMAL CLASSIFICATION NUMBER | |
| Classification number | 338.9005 |
| Item number | EAP |
| 245 ## - TITLE STATEMENT | |
| Title | Economics & Politics |
| Statement of responsibility, etc. | The Authors. Journal Compilation |
| 260 ## - PUBLICATION, DISTRIBUTION, ETC. (IMPRINT) | |
| Place of publication, distribution, etc. | USA |
| Name of publisher, distributor, etc. | Blackwell Publishing Ltd |
| Date of publication, distribution, etc. | 207 |
| 300 ## - PHYSICAL DESCRIPTION | |
| Extent | 287 p |
| 942 ## - ADDED ENTRY ELEMENTS (KOHA) | |
| Source of classification or shelving scheme | Dewey Decimal Classification |
| Koha item type | Books |
| Withdrawn status | Lost status | Source of classification or shelving scheme | Damaged status | Not for loan | Home library | Current library | Date acquired | Total Checkouts | Full call number | Barcode | Date last seen | Copy number | Price effective from | Koha item type |
|---|---|---|---|---|---|---|---|---|---|---|---|---|---|---|
| Dewey Decimal Classification | Bunge Tower Library | Bunge Tower Library | 06/06/2023 | 338.9005 EAP | 10015152 | 06/06/2023 | Vol 19, July 2007, No. 2 | 06/06/2023 | Books | |||||
| Dewey Decimal Classification | Bunge Tower Library | Bunge Tower Library | 06/06/2023 | 338.9005 EAP | 10015151 | 06/06/2023 | Vol 19, November 2007, No. 3 | 06/06/2023 | Books | |||||
| Dewey Decimal Classification | Bunge Tower Library | Bunge Tower Library | 06/06/2023 | 338.9005 EAP | 10015150 | 06/06/2023 | Vol 19, March 2007, No 1 | 06/06/2023 | Books |
